Normal view
MARC view
- Maria Tassawar
Entry Personal Name
001 - CONTROL NUMBER
- control field: 92677
003 - CONTROL NUMBER IDENTIFIER
- control field: NUST
005 - DATE AND TIME OF LATEST TRANSACTION
- control field: 20220704151705.0
008 - FIXED-LENGTH DATA ELEMENTS
- fixed length control field: 220704|| aca||aabn | a|a d
040 ## - CATALOGING SOURCE
- Original cataloging agency: NUST
- Transcribing agency: NUST
100 ## - HEADING--PERSONAL NAME
- Personal name: Maria Tassawar
670 ## - SOURCE DATA FOUND
- Source citation: Work cat.: (NUST)9116: Maria Tassawar, Cash recognition using digital image processing (Topup Machine), 2006.
